[Event "AUTO-ADV-4473"]
[Site "http://www.queenalice.com/game.php?id=1734854"]
[Date "2021.4.27"]
[Round "2"]
[White "albertopontello"]
[Black "Fauquinelle"]
[Result "1-0"]
[WhiteElo "1913"]
[BlackElo "1919"]

1. e4 c5 2. Nf3 e6 3. d4 cxd4 4. Nxd4 Nc6 5. Nxc6 bxc6 6. Bd3 d5 7. O-O Nf6 8.
Nc3 Bd6 9. Bg5 h6 10. Bxf6 Qxf6 11. Qd2 Bb4 12. exd5 cxd5 13. Bb5+ Ke7 14. Nxd5+
exd5 15. Qxb4+ Qd6 16. Rfe1+ Be6 17. Qh4+ g5 18. Qa4 a6 19. Bd3 Rhb8 20. Qd4 Rb4
21. Qg7 Qf4 22. Re3 Qf6 23. Qxf6+ Kxf6 24. b3 a5 25. a4 Rc8 26. Rae1 Rc6 27.
Rf3+ Rf4 28. Rxf4+ gxf4 29. Rd1 Bg4 30. f3 Bh5 31. Be2 Ke5 32. Re1 Bg6 33. Bb5+
Kd6 34. Bxc6 Kxc6 35. Re8 Kb6 36. Rb8+ Kc5 37. c3 Bc2 38. b4+ axb4 39. cxb4+ Kc4
40. a5 d4 41. Kf1 Kc3 42. a6 d3 43. Rc8+ Kxb4 44. Ke1 Bb3 45. Rb8+ Kc3 46. Rxb3+
Kxb3 47. Kd2 Kc4 48. a7 1-0

[Event "AUTO-ADV-4473"]
[Site "http://www.queenalice.com/game.php?id=1734855"]
[Date "2021.4.27"]
[Round "2"]
[White "Fauquinelle"]
[Black "albertopontello"]
[Result "1-0"]
[WhiteElo "1918"]
[BlackElo "1929"]

1. e4 e5 2. Nf3 Nc6 3. Bb5 d6 4. d4 a6 5. Bxc6+ bxc6 6. dxe5 Bg4 7. exd6 cxd6 8.
O-O Nf6 9. Nc3 Be7 10. h3 Bxf3 11. Qxf3 O-O 12. Qg3 Re8 13. Bh6 Bf8 14. Rfe1 Nh5
15. Qg4 Nf6 16. Qg3 Re6 17. Bg5 Rb8 18. b3 Be7 19. Rad1 Nd7 20. Bf4 Rg6 21. Qh2
Nc5 22. e5 d5 23. e6 Rb4 24. exf7+ Kxf7 25. a3 Rb6 26. Bc7 Qd7 27. Bxb6 Bd6 28.
g3 Nb7 29. Qg2 Bxa3 30. Re3 Rd6 31. Rf3+ Kg8 32. Na2 c5 33. Ba7 Re6 34. Re3 d4
35. Rxe6 Qxe6 36. Qxb7 Qe2 37. Qb8+ Kf7 38. Qf4+ Ke8 39. Rd2 Qe1+ 40. Kg2 Qe7
41. Bb6 Qd7 42. Re2+ 1-0

[Event "AUTO-MASTER-3027"]
[Site "http://www.queenalice.com/game.php?id=1760029"]
[Date "2021.5.20"]
[Round "2"]
[White "cerenzo72"]
[Black "albertopontello"]
[Result "1-0"]
[WhiteElo "2115"]
[BlackElo "1913"]

1. e4 e5 2. Nf3 Nc6 3. Bb5 Nd4 4. Nxd4 exd4 5. O-O a6 6. Be2 Bd6 7. f4 Bc5 8. c3
d3+ 9. Kh1 dxe2 10. Qxe2 Nh6 11. d4 Bb6 12. Nd2 d6 13. Nc4 Ba7 14. f5 f6 15.
Bxh6 gxh6 16. Qh5+ Ke7 17. Qxh6 Qf8 18. Qh4 Bd7 19. e5 d5 20. exf6+ Qxf6 21.
Rae1+ Kf7 22. Ne5+ Kg7 23. Qxf6+ Kxf6 24. Nxd7+ 1-0

[Event "AUTO-MASTER-3027"]
[Site "http://www.queenalice.com/game.php?id=1760030"]
[Date "2021.5.20"]
[Round "2"]
[White "albertopontello"]
[Black "cerenzo72"]
[Result "0-1"]
[WhiteElo "1905"]
[BlackElo "2121"]

1. e4 c5 2. Nf3 d6 3. d4 Nf6 4. Nc3 cxd4 5. Qxd4 Nc6 6. Bb5 Bd7 7. Qc4 Rc8 8.
Qb3 e5 9. Ng5 Qe7 10. Bc4 Nd4 11. Qxb7 Nxc2+ 12. Kd1 Nxa1 13. Qxa7 Rxc4 14. Nf3
Bg4 15. Qb8+ Rc8 16. Qb5+ Qd7 17. Qd3 Qb7 18. Kd2 g6 19. Na4 Nxe4+ 20. Ke3 Bh6+
21. Ke2 Rc2+ 0-1

[Event "AUTO-MASTER-3027"]
[Site "http://www.queenalice.com/game.php?id=1760033"]
[Date "2021.5.20"]
[Round "2"]
[White "albertopontello"]
[Black "CCapivara"]
[Result "1-0"]
[WhiteElo "1894"]
[BlackElo "2239"]

1. e4 d6 2. Nf3 Nf6 3. Nc3 e5 4. Bc4 Be7 5. O-O O-O 6. d3 Bg4 7. h3 Bh5 8. Bd5
Nxd5 9. Nxd5 c6 10. Nxe7+ Qxe7 11. Re1 Nd7 12. Bg5 Qe6 13. g4 Bg6 14. Nh2 d5 15.
exd5 Qxd5 16. f3 e4 17. Be7 Rfe8 18. Ba3 exd3 19. cxd3 Qxd3 20. Qxd3 Bxd3 21.
Rxe8+ Rxe8 22. Rd1 Re3 23. Kf2 Re2+ 24. Kg3 Ne5 25. f4 Re3+ 26. Kf2 Nc4 27. Nf3
Re2+ 28. Kg3 Re3 29. Bc5 Nxb2 30. Rd2 Re2 31. Bxa7 Rxd2 32. Nxd2 f5 33. Nb3 fxg4
34. hxg4 Bc4 35. Na5 Bxa2 36. Nxb7 Na4 37. Bd4 Kf7 38. f5 g6 39. Nd8+ Kg8 40.
Nxc6 gxf5 41. gxf5 Bb3 42. Kg4 Bc2 43. f6 Kf7 44. Kg5 Bb3 45. Ne5+ Kg8 46. Nf3
Kf7 47. Kf5 Bc2+ 48. Kg5 Bb3 49. Kf5 Bc2+ 50. Ke5 h5 51. Ng5+ Ke8 52. Kd6 Bg6
53. Nf3 Bb1 54. Kd5 Kf7 55. Ke5 Kg6 56. Ke6 Ba2+ 57. Ke5 Bg8 58. Nh4+ Kg5 59.
Nf5 h4 60. Ne7 Ba2 61. Nd5 Bxd5 62. Kxd5 Nb6+ 63. Kc6 Nc4 64. f7 1-0

[Event "AUTO-MASTER-3027"]
[Site "http://www.queenalice.com/game.php?id=1760034"]
[Date "2021.5.20"]
[Round "2"]
[White "CCapivara"]
[Black "albertopontello"]
[Result "1-0"]
[WhiteElo "2246"]
[BlackElo "1916"]

1. e4 e5 2. f4 d6 3. Nf3 Nc6 4. Bc4 h6 5. O-O Bg4 6. d3 d5 7. Bxd5 Nd4 8. Bxf7+
Kxf7 9. Nxe5+ Ke8 10. Qxg4 Nf6 11. Qg6+ Ke7 12. Qf7+ Kd6 13. Nc3 a6 14. Qc4 Ne6
15. Nf7+ Kd7 16. Nxd8 Rxd8 17. e5 b5 18. Qb3 Ng4 19. f5 Nd4 20. Qd5+ Kc8 21. Qe4
h5 22. e6 1-0

[Event "AUTO-ADV-4473"]
[Site "http://www.queenalice.com/game.php?id=1765115"]
[Date "2021.7.23"]
[Round "3"]
[White "BobFicha"]
[Black "albertopontello"]
[Result "1-0"]
[WhiteElo "1801"]
[BlackElo "1871"]

1. e4 e5 2. Nf3 Nc6 3. Bb5 Nf6 4. Bxc6 bxc6 5. Nc3 Ba6 6. d3 Bc5 7. O-O O-O 8.
Nxe5 Bd6 9. Nf3 Qe7 10. Re1 Bb4 11. Bd2 Bc5 12. a3 Ng4 13. Be3 Bb7 14. Bxc5 Qxc5
15. Qd2 Qh5 16. Qe2 Rae8 17. h3 Nh6 18. Nd4 Qg6 19. f3 Bc8 20. Qf2 a6 21. g4 c5
22. Nde2 f5 23. Nf4 Qg5 24. Nce2 fxg4 25. fxg4 d5 26. Qg2 Rxf4 27. Nxf4 Qxf4 28.
Rf1 Qe3+ 29. Kh1 dxe4 30. Rfe1 Qd4 31. Rxe4 Rxe4 32. Qxe4 Qxe4+ 33. dxe4 Bb7 34.
Re1 Kf8 35. Kh2 Ke7 36. Kg3 Nf7 37. h4 Nd6 38. Kf4 Ke6 39. e5 Nc4 40. Rb1 Bc8
41. Rd1 Bd7 42. b3 Nxa3 43. Rc1 Nb5 44. Ra1 Bc8 45. Ra5 Kd5 46. c4+ Kc6 47.
cxb5+ axb5 48. Ra1 Be6 49. Rb1 Kd5 50. Rd1+ Kc6 51. Kg5 c4 52. bxc4 Bxc4 53. Re1
Be6 54. Rc1+ Kb6 55. Kf4 c5 56. g5 1-0

[Event "AUTO-ADV-4473"]
[Site "http://www.queenalice.com/game.php?id=1765116"]
[Date "2021.7.23"]
[Round "3"]
[White "albertopontello"]
[Black "BobFicha"]
[Result "1-0"]
[WhiteElo "1939"]
[BlackElo "1848"]

1. e4 e5 2. Nf3 Nc6 3. Bc4 Bc5 4. O-O d6 5. c3 Bg4 6. d3 h6 7. Nbd2 Nf6 8. h3
Bh5 9. a4 Qe7 10. Qb3 Rb8 11. Nh4 Be2 12. Nf5 Qf8 13. Re1 Bxd3 14. Bxd3 g6 15.
Ng3 h5 16. Bb5 a6 17. Bxc6+ Ke7 18. Bd5 c6 19. Bc4 h4 20. Ngf1 Qg7 21. Nf3 b5
22. axb5 axb5 23. Bd3 Rb7 24. Be3 Bxe3 25. Rxe3 Nd7 26. Bc2 g5 27. N1h2 Nf6 28.
Nxe5 dxe5 29. Qb4+ Kd7 30. Rd3+ Kc7 31. Qd6+ Kb6 32. Qb4 Kc7 33. Qc5 Nxe4 34.
Qe7+ Kb6 35. Qb4 Kc7 36. Qa5+ Kc8 37. Qa8+ Kc7 38. Rd7+ Kxd7 39. Qxb7+ Kd6 40.
Rd1+ Kc5 41. b4+ 1-0

[Event "AUTO-ADV-4473"]
[Site "http://www.queenalice.com/game.php?id=1765117"]
[Date "2021.7.23"]
[Round "3"]
[White "Fauquinelle"]
[Black "albertopontello"]
[Result "1-0"]
[WhiteElo "1895"]
[BlackElo "1898"]

1. e4 e5 2. Nf3 Nc6 3. Bb5 Nf6 4. O-O Ne7 5. d4 exd4 6. Qxd4 c6 7. Bd3 Ng6 8.
Bg5 Be7 9. Nc3 b5 10. Ne2 h6 11. Bh4 c5 12. Qc3 O-O 13. Ng3 Nxh4 14. Nxh4 c4 15.
Be2 Bb7 16. e5 Nd5 17. Qd4 Bxh4 18. Nf5 Bg5 19. Bf3 Nf4 20. e6 Bxf3 21. Qxg7#
1-0

[Event "AUTO-ADV-4473"]
[Site "http://www.queenalice.com/game.php?id=1765118"]
[Date "2021.7.23"]
[Round "3"]
[White "albertopontello"]
[Black "Fauquinelle"]
[Result "0-1"]
[WhiteElo "1896"]
[BlackElo "1909"]

1. e4 c5 2. Nf3 Nc6 3. d4 cxd4 4. Nxd4 Qa5+ 5. Bd2 Qc5 6. Bc3 Nf6 7. Nd2 Nxd4 8.
b4 Qxc3 9. Bd3 Qxb4 10. O-O e5 11. Qc1 Qc3 12. a3 b5 13. Nb1 Qxa1 14. Qg5 Ne6
15. Qg3 Bxa3 16. Bxb5 Bd6 17. Bc4 O-O 18. Nc3 Qa5 19. h3 Bb4 20. Nd5 Nxd5 21.
Bxd5 Rb8 22. Re1 Bxe1 0-1

[Event "AUTO-OPEN-4268"]
[Site "http://www.queenalice.com/game.php?id=1768205"]
[Date "2021.8.28"]
[Round "2"]
[White "albertopontello"]
[Black "pomar"]
[Result "0-1"]
[WhiteElo "1951"]
[BlackElo "1901"]

1. e4 e6 2. d4 d5 3. e5 c5 4. c3 Qb6 5. Nf3 Nc6 6. Be2 cxd4 7. cxd4 Bb4+ 8. Nc3
Nge7 9. O-O Nf5 10. Bd2 Nfxd4 11. a3 Nxe2+ 12. Qxe2 Bxc3 13. Bxc3 d4 14. Be1 O-O
15. Rb1 Bd7 16. Bd2 Rac8 17. Qe4 f5 18. Qh4 Qc5 19. Ng5 h6 20. Nf3 Nxe5 21. Qg3
Nxf3+ 22. Qxf3 Bc6 23. Qg3 Kh7 24. Rfe1 Qd5 25. Re5 Qa2 26. Rbe1 Rf6 27. Bc1 Rg6
28. Qh3 Bxg2 29. Qxg2 Rxg2+ 30. Kxg2 d3 31. Rb5 b6 32. Kf3 Qc4 33. Rb4 Qd5+ 34.
Ke3 e5 35. Ra4 a5 36. Rd1 f4+ 37. Kd2 Rc2+ 38. Ke1 Qh1# 0-1

[Event "AUTO-OPEN-4268"]
[Site "http://www.queenalice.com/game.php?id=1768206"]
[Date "2021.8.28"]
[Round "2"]
[White "pomar"]
[Black "albertopontello"]
[Result "0-1"]
[WhiteElo "1894"]
[BlackElo "1924"]

1. f3 Nf6 2. Kf2 e5 3. e3 Bc5 4. d4 Bd6 5. c4 exd4 6. exd4 O-O 7. g3 b6 8. Nc3
Bb7 9. Bg2 Nc6 10. Nge2 Ne7 11. Re1 Ng6 12. Kg1 c5 13. Be3 a6 14. dxc5 Bxc5 15.
Nd4 Qc7 16. a3 Rae8 17. Qd2 Re5 18. Bf4 Nxf4 19. Qxf4 Bd6 20. Rxe5 Bxe5 21. Qe3
Re8 22. Qd3 Qc5 23. Ne2 b5 24. cxb5 axb5 25. Rc1 Qd5 26. Kf2 Ng4+ 27. Kg1 g5 28.
Qxb5 Bxd4+ 29. Nxd4 Qxd4+ 30. Kh1 Nf2+ 31. Kg1 Nh3+ 32. Kh1 Qg1+ 0-1

[Event "AUTO-MASTER-3033"]
[Site "http://www.queenalice.com/game.php?id=1772451"]
[Date "2021.10.17"]
[Round "2"]
[White "chessman"]
[Black "albertopontello"]
[Result "1-0"]
[WhiteElo "1910"]
[BlackElo "1850"]

1. e4 e5 2. Nf3 Nc6 3. Bb5 Nf6 4. O-O Bc5 5. Bxc6 dxc6 6. Re1 Qd6 7. c3 h6 8. d4
exd4 9. e5 Qd5 10. exf6+ Kf8 11. fxg7+ Kxg7 12. cxd4 Bd6 13. Nc3 Qh5 14. Ne4 Bb4
15. Bd2 Be7 16. Ne5 Qh4 17. Qf3 f6 18. Nd3 f5 19. Ng3 Rf8 20. Nh5+ Kg6 21. Ng3
Bd6 22. Ne5+ Kh7 23. Bf4 c5 24. dxc5 Bxc5 25. Rac1 Bb6 26. Nc4 Bd4 27. b3 Rb8
28. Bxc7 Ra8 29. Nd6 f4 30. Qd3+ Kg8 31. Qg6+ Kh8 32. Nf7+ Rxf7 33. Qxf7 1-0

[Event "AUTO-MASTER-3033"]
[Site "http://www.queenalice.com/game.php?id=1772452"]
[Date "2021.10.17"]
[Round "2"]
[White "albertopontello"]
[Black "chessman"]
[Result "0-1"]
[WhiteElo "1882"]
[BlackElo "2001"]

1. e4 e6 2. Nf3 d5 3. e5 c5 4. c3 Nc6 5. Bb5 Bd7 6. O-O Nxe5 7. Nxe5 Bxb5 8. Re1
Nf6 9. d3 Be7 10. Na3 Bc6 11. Bg5 O-O 12. Re3 d4 13. Rg3 Re8 14. Bh6 g6 15. Qd2
Bf8 16. Bxf8 Rxf8 17. c4 Kg7 18. Nc2 Nd7 19. Nxd7 Qxd7 20. Rh3 h5 21. Qg5 Rh8
22. Re1 b6 23. b4 Qd8 24. bxc5 Qxg5 25. Nxd4 Qxg2# 0-1